Sicomotricidad para la sala cuna mayor y nivel medio menor. Módulo de autocapacitación para las comunidades de aprendizaje. Contenidos y orientaciones metodológicas

Uloženo v:
Podrobná bibliografie
Korporace: Junta Nacional de Jardines Infantiles (Autor), JUNJI (Autor)
Médium: Kniha
Jazyk:španělština
Vydáno: Santiago JUNJI 2009
Vydání:2a. ed
Edice:Módulo 6
Témata:
Tagy: Přidat tag
Žádné tagy, Buďte první, kdo vytvoří štítek k tomuto záznamu!

MARC

LEADER 00000cam a2200000 a 4500
001 UCF2933
003 CL-VaPUC
008 120914e20090000CL |||||||||||||||||spa|d
082 0 4 |a 372.21  |b JUN  |2 21 
110 2 |a Junta Nacional de Jardines Infantiles  |e author  |9 564787 
710 2 |a JUNJI  |e author  |9 564788 
245 1 0 |a Sicomotricidad para la sala cuna mayor y nivel medio menor. Módulo de autocapacitación para las comunidades de aprendizaje. Contenidos y orientaciones metodológicas 
250 |a 2a. ed 
300 |a 18 p 
942 |c BK 
945 |d 20120914 00:00:00  |a cmena 
260 |a Santiago  |b JUNJI  |c 2009 
650 0 |a Educación preescolar  |9 260381 
650 7 |a PSICOMOTRICIDAD  |2 CL-VaPUC  |9 241072 
650 7 |a SALAS CUNA  |2 CL-VaPUC  |9 556775 
650 0 |a Jardines infantiles  |9 307427 
583 |a last modification  |c 20120914 00:13:00  |k Rodrigo Vera 
490 0 |a Módulo 6 
999 |c 349471  |d 349469 
952 |0 0  |1 0  |4 0  |6 372_210000000000000_JUN_2009  |7 0  |8 A  |9 452095  |a BIBEDU  |b BIBEDU  |c ES_NOD  |d 2019-11-22  |i 4903862  |o 372.21 JUN 2009  |p 4903862  |r 2023-08-09  |w 2019-11-22  |y BK  |k PAR